Jazykovědné aktuality. Roč.17, č.1-4, 1980
| Format: | Book |
|---|---|
| Language: | Undetermined |
| Published: |
Praha
Jazykovědné sdružení
1980
|
MARC
| LEADER | 00000nam a2200000 a 4500 | ||
|---|---|---|---|
| 001 | vtls001418585 | ||
| 003 | SK-MaSNL | ||
| 005 | 20260224112936.0 | ||
| 008 | 210928s1980 xx 0 und | ||
| 035 | |a SNK000373386 | ||
| 040 | |a SNK |b slo |c SNK |e AACR2 | ||
| 245 | 1 | |a Jazykovědné aktuality. Roč.17, č.1-4, 1980 | |
| 260 | |a Praha |b Jazykovědné sdružení |c 1980 | ||
| 958 | |a OND | ||
| 999 | |c 984539 |d 986469 | ||
| 952 | |t č. 1-4 |a SNK |b SNK |y PREZ |7 0 |p 17A0311024 |o snkČC 2989/17/1980 |i snkČIP 1883/81 |0 0 |1 0 |4 0 |d 2001-08-13 |l 0 |r 2005-01-02 00:00:00 |w 2026-02-24 | ||


